After identity : a reader in law and culture /

Salvato in:
Dettagli Bibliografici
Altri autori: Danielsen, Dany, editor, Engle, Karen, editor
Natura: Sconosciuto
Lingua:English
Pubblicazione: New York : Routledge, c1995.
Soggetti:
Tags: Aggiungi Tag
Nessun Tag, puoi essere il primo ad aggiungerne!!

MARC

LEADER 000000000a22000000004500
001 002766
020 |a 041590997X 
041 0 |a eng 
082 0 4 |a 340.115   |b A257a 
245 0 0 |a After identity :   |b a reader in law and culture /   |c Dany Danielsen, editor ; Karen Engle, editor. 
260 1 |a New York :   |b Routledge,   |c c1995. 
300 |a xix, 376 páginas 
500 |a (Colección George Yudice) 
650 4 |a DERECHO Y SOCIEDAD 
650 4 |a IDENTIDAD DE GRUPO 
650 4 |a SEXO Y DERECHO 
650 4 |a ESTADOS UNIDOS 
700 1 |a Danielsen, Dany, editor 
700 1 |a Engle, Karen, editor 
999 |c 9124  |d 9124 
942 |c BK  |h 340.115 A257a  |2 z